000 00500nam a2200181Ia 4500
008 240925s9999 xx 000 0 und d
020 _a8176565512
082 _a005.74 BAY
100 _aBayross, Ivan
245 0 _aTeach Yourself Database Technologies
250 _aNA
260 _aNew Delhi:
_bBPB Publication
_c,2002.
300 _axiv,310p.
_bNA
_fPhotocopy
500 _aIncludes Index
600 _aComputer Science
650 _aComputer science, information & general works
942 _cBK
999 _c7096
_d7096